00529nam a2200157Ia 4500008004100000041000800041082001400049100001900063245004500082250001400127260004400141300003200185365001100217999001700228952012600245240624s9999 xx 000 0 und d aeng a332.1 BUR aBURTON MAUREEN aFINANCIAL SYSTEM AND THE ECONOMY PRINCIP a(5th ed.) c2009aNew DelhibPrentice-Hall of India axxii, : 686 : p. : cm. ; 25 cRSb35 c15020d15020 00104070aIMTNbIMTNcRack 9-Ad2010-04-09eIBHg550.00n1800o332.1 BURp15020r2024-06-24 00:00:00t1w2024-06-24yBK